Vnitřní marketingové prostředí neziskové organizace Knihovny Václava Havla s ohledem na její online marketingovou komunikaci

Sumarizovanie informácií o nastavení vnútorného marketingového prostredia Knihovny Václava Havla (Knižnice Václava Havla) so zameraním na marketingové a komunikačné aktivity v online prostredí (webová stránka a internetové aktivity). Silné a slabé stránky marketingových aktivít a ďalší postup v ich...

Ausführliche Beschreibung

Gespeichert in:
Bibliographische Detailangaben
1. Verfasser: Boháček, Jiří
Weitere Verfasser: Matisko, Peter
Format: Buchkapitel
Sprache:Tschechisch
Schlagworte:
Tags: Tag hinzufügen
Keine Tags, Fügen Sie das erste Tag hinzu!

MARC

LEADER 00000naa a2200000 4500
001 0273370
005 20210429225552.0
041 0 |a cze 
044 |a CZ 
245 1 0 |a Vnitřní marketingové prostředí neziskové organizace Knihovny Václava Havla s ohledem na její online marketingovou komunikaci  |c Jiří Boháček, Peter Matisko 
520 |a Sumarizovanie informácií o nastavení vnútorného marketingového prostredia Knihovny Václava Havla (Knižnice Václava Havla) so zameraním na marketingové a komunikačné aktivity v online prostredí (webová stránka a internetové aktivity). Silné a slabé stránky marketingových aktivít a ďalší postup v ich audite. Ďalší postup zmluvného výskumu zameriavajúceho sa na vonkajšie prostredie knižnice s ohľadom na jej marketingovú komunikáciu vrátane segmentácie českej spoločnosti a výberu cieľových skupín (problematika vonkajšieho prostredia nie je preberaná). 
610 2 0 |a komunikácia marketingová 
610 2 0 |a marketing elektronický 
610 2 0 |a prostredie virtuálne 
610 2 0 |a mix komunikačný 
610 2 0 |a vzťahy so zákazníkmi 
610 2 0 |a vzťahy s verejnosťou 
610 2 0 |a organizácie neziskové 
610 2 0 |a knižnice 
610 2 0 |a Česko 
100 1 |a Boháček, Jiří 
700 1 |a Matisko, Peter